000 00559nam a2200217Ia 4500
003 OSt
005 20221007082604.0
006 a|||||r|||| 00| 0
007 ta
008 221006b |||||||| |||| 00| 0 eng d
024 _a21,076
037 _cTextual
040 _aFLL
_cFLL
_beng
041 _2eng
_aeng
082 _aY:356(Q2:427)ZqN61, P0
100 _aDewan V.K.
_9264871
245 0 _aDowry prohibition act, 1961
260 _c2000
942 _hY:356(Q2:427)ZqN61, P0
_cTEXL
_2CC
999 _c1166969
_d1166969